Datum a čas kvízu

35 Celkem bodů Celkový počet nahraných bodů na tomto kvízu bez doplňovacích otázek.
4. Pořadí na kvízu Konečné umístění týmu na tomto kvízu.

Zaznamenané odpovědi

# Otázka Odpověď Body Výsledky
1. Minulý týden byla spuštěna rek... Pokáč 1
2. Jedna z evropských zemí se od... Německo 1
3. Ve středu zveřejnil americký č... Taylor Swift 1
4. Od 1. 4. 2024 se mění podmínky... A 1
5. Německý fotbalový svaz bude mu... čísla 44 1
6. Nobelovu cenu za objev krevníc... Jan Janský 1
7. Ve kterém orgánu lidského těla... ve slezině 1
8. Vyberte nepravdivé tvrzení: B 0
9. Za půl bodu napište, jak se na... Alexej; hemofilie 0.5
10. Uveďte rodové jméno zvířete, p... makak (makak rhesus) 0